000 00798nam a22002177a 4500
003 JO-AjAnu
005 20250309093833.0
008 250304b jo ||||| |||| 00| 0 ara d
020 _a9789957290474
040 _aJO-AjAnu
_bara
_cJO-AjAnu
_dJO-AjAnu
_erda
041 _aara
_hara
050 _aPJ7860
_b2019
100 1 _aزيدان، رمضان
_eمؤلف
_966460
245 0 _aبساط الضاد من شواطئ النيل الى رمال القصيم /
_c رمضان زيدان
250 _aالطبعة الأولى
260 _aعمان :
_bدار العلوم للنشر والتوزيع،
_c2019
300 _a532 صفحة
504 _aيحتوي على فهرس
650 0 _aالأدب العربي- الشعر العربي- العصر الحديث
_966461
942 _2lcc
_cBK
_n0
999 _c33862
_d33862